Vista normal
Vista MARC
Entrada Topical Term
Número de registros utilizados en: 8
001 - CONTROL NUMBER
- control field: 2148
003 - CONTROL NUMBER IDENTIFIER
- control field: OSt
005 - DATE AND TIME OF LATEST TRANSACTION
- control field: 20200330100704.0
008 - FIXED-LENGTH DATA ELEMENTS
- fixed length control field: 200330|| aca||aabn | a|a d
040 ## - CATALOGING SOURCE
- Original cataloging agency: OSt
- Transcribing agency: OSt
150 ## - HEADING--TOPICAL TERM
- Topical term or geographic name entry element: FISICA -- PREGUNTAS Y RESPUESTAS ; QUIMICA -- PREGUNTAS Y RESPUESTAS ; ASTRONOMIA -- PREGUNTAS Y RESPUESTAS ; GEOGRAFIA -- PREGUNTAS Y RESPUESTAS ; TECNOLOGIA -- PREGUNTAS Y RESPUESTAS ; GRAMATICA -- PREGUNTAS Y RESPUESTAS--
670 ## - SOURCE DATA FOUND
- Source citation: Work cat.: (OSt)3682: Vera, José Luis, Coordinación de texto 2147, A ver si sabes ... : , 1996